[Event "Keres Memorial 33rd"]
[Site "Vancouver"]
[Date "2008.05.19"]
[Round "6"]
[White "Selzler, Ricky"]
[Black "Cheng, Bindi"]
[Result "0-1"]
[WhiteElo "2358"]
[BlackElo "2360"]
[PlyCount "124"]
[EventDate "2008.05.16"]
[EventType "swiss"]
[EventRounds "7"]
[EventCountry "CAN"]
[SourceTitle "EXT 2011"]
[Source "ChessBase"]
[SourceDate "2010.11.26"]
[SourceVersion "1"]
[SourceVersionDate "2010.11.26"]
[SourceQuality "1"]

1. d4 d5 2. c4 c6 3. Nf3 Nf6 4. Nc3 g6 5. g3 Bg7 6. Bg2 0-0 7. cxd5 cxd5 8. Ne5 Nc6 9. Nxc6 bxc6 10. 0-0 e5 11. dxe5 Ng4 12. e4 d4 13. Na4 Nxe5 14. Bf4 Ba6 15. Bxe5 Bxe5 16. Re1 d3 17. Qd2 Qd4 18. Nc3 Rab8 19. Rac1 Rxb2 20. Qxb2 d2 21. Red1 dxc1Q 22. Rxc1 Rd8 23. Bf3 Rb8 24. Qa3 Qd2 25. Nb1 Qb2 26. Bd1 Qb5 27. Bb3 Qe2 28. Qc5 Qb2 29. Rd1 Be2 30. Re1 Bd3 31. Qc1 Rd8 32. Qxb2 Bxb2 33. Rd1 Rd4 34. Rd2 Ba1 35. Na3 Bxe4 36. Rxd4 Bxd4 37. Nc4 Kf8 38. Kf1 Bd3+ 39. Ke1 Bc3+ 40. Kd1 Ke7 41. h4 f6 42. a4 g5 43. hxg5 fxg5 44. g4 Kf6 45. f3 a5 46. Nd6 Ke5 47. Ne4 Bb4 48. Nxg5 Kf4 49. Nf7 c5 50. Bc2 c4 51. Bxd3 cxd3 52. g5 Bc3 53. Nd8 Kxf3 54. Ne6 Bb4 55. Kc1 Kg4 56. Nd8 Kf5 57. Nf7 d2+ 58. Kd1 Kg6 59. Ne5+ Kxg5 60. Nf3+ Kf4 61. Nxd2 Bxd2 62. Kxd2 h5 0-1